000
00283nam a22001337a 4500
008
180104b xxu||||| |||| 00| 0 eng d
020
_a
039757245X
041
_a
eng
080
_a
617
100
_a
8
101
_a
OFT
245
_a
Clinical Ophtolmology
_c
Tasman
942
_2
udc
_c
BK
999
_c
39755
_d
39755